书目信息 |
| 题名: |
AutoCAD基础及开发教程
|
|
| 作者: | 崔凤奎 编著 | |
| 分册: | ||
| 出版信息: | 北京 国防工业出版社 1999.08 |
|
| 页数: | 407页 | |
| 开本: | 26cm | |
| 丛书名: | ||
| 单 册: | ||
| 中图分类: | TP391.72 | |
| 科图分类: | ||
| 主题词: | 计算机应用 | |
| 电子资源: | ||
| ISBN: | 7-118-02119-9 | |
| 000 | 00573nam0 2200193 45 | |
| 001 | 0235421822 | |
| 005 | 2002101609502183 | |
| 010 | @a7-118-02119-9@dRMB 34.00 | |
| 100 | @a20021016d1999 km y0chiy0120 ea | |
| 101 | 0 | @achi |
| 102 | @aCN@b110000 | |
| 200 | 1 | @aAutoCAD基础及开发教程@AAutoCAD ji chu ji kai fa jiao cheng@f崔凤奎等编著@FCui Feng Kui Deng Bian Zhu |
| 210 | @a北京@c国防工业出版社@d1999.08 | |
| 215 | @a407页@d26cm | |
| 606 | 0 | @a计算机应用 |
| 690 | @aTP391.72@v3 | |
| 701 | 0 | @a崔凤奎@ACui Feng Kui@4编著 |
| 801 | 0 | @aCN@bPFT@c20021016 |
| 905 | @dTP391.72@eC967 | |
| AutoCAD基础及开发教程/崔凤奎等编著.-北京:国防工业出版社,1999.08 |
| 407页;26cm |
| ISBN 7-118-02119-9:RMB 34.00 |
| ● |
| 相关链接 |
|
|
|
正题名:AutoCAD基础及开发教程
索取号:TP391.72/C967
 
预约/预借
| 序号 | 登录号 | 条形码 | 馆藏地/架位号 | 状态 | 备注 |
| 1 | 357565 | 203575657 | 自科二线504/504自科库 1排1列5层/ [索取号:TP391.72/C967] | 在馆 | |
| 2 | 357566 | 203575666 | 自科二线504/504自科库 7排3列1层/ [索取号:TP391.72/C967] | 在馆 | |
| 3 | 357567 | 203575675 | 自科二线404/404自科库 14排4列5层/ [索取号:TP391.72/C967] | 在馆 | |
| 4 | 357568 | 203575684 | 期刊室512/301自科库 68排1列5层/ [索取号:TP391.72/C967] | 在馆 | |
| 5 | 357569 | 203575693 | 自科二线504/504自科库 1排1列5层/ [索取号:TP391.72/C967] | 在馆 | |
| 6 | 358365 | 203583657 | 自科二线504/504自科库 7排3列2层/ [索取号:TP391.72/C967] | 在馆 | |
| 7 | 358366 | 203583666 | 自科二线504/504自科库 1排1列5层/ [索取号:TP391.72/C967] | 在馆 | |
| 8 | 358367 | 203583675 | 自科二线504/504自科库 1排2列3层/ [索取号:TP391.72/C967] | 在馆 | |
| 9 | 358368 | 203583684 | 自科二线504/504自科库 1排1列5层/ [索取号:TP391.72/C967] | 在馆 | |
| 10 | 358369 | 203583693 | 期刊室512/301自科库 68排1列5层/ [索取号:TP391.72/C967] | 在馆 |